000 00779nam a22003010a 4500
001 PT51645
003 AR-LpoUNG
005 20210131231435.0
008 191001s2002||||it |||||||||||||||||spa d
020 _a9788484645139
_c$9,50
040 _aAR-LpoUNG
_bspa
_cAR-LpoUNG
_eaacr
041 _aspa
044 _ait
082 0 _a808.068 3 532abu
100 1 _aHeras, Chema
245 1 0 _aAbuelos
250 _a6ta. ed.
260 _aPontevedra :
_bKalandraka,
_c2002.
300 _a[32] p. :
_bil.
505 0 _aSugerido a partir de 6 aƱos (etiqueta AMARILLA)
650 4 _aCUENTOS
650 4 _aLITERATURA
651 4 _aDOCUMENTOS TEORICOS O METODOLOGICOS
653 _aLITERATURA INFANTIL
700 1 _aOsuna, Rosa
_eil.
905 _a51645
942 _cLIB
999 _c10046
_d10046